00293nam a2200121Ia 4500008004100000041000800041082001500049100001500064245003400079260003500113300001600148365000700164240624s9999 xx 000 0 und d aeng a005.74 CUT aCUTLIP ROB aINTEGRATED SOLUTIONS WITH DB2 c2004aDelhibPearson Education axvii, : 289 cRS